Нанесение медного покрытия на алюминиевые контактные поверхности с помощью коаксиального магнитоплазменного ускорителя и исследование переходного сопротивления; Электромеханические преобразователи энергии

Dades bibliogràfiques
Parent link:Электромеханические преобразователи энергии.— 2009.— С. 526
Autor principal: Касмолиев Н. А.
Altres autors: Сивков А. А. Александр Анатольевич (научный руководитель), Сайгаш А. С. Анастасия Сергеевна
Idioma:rus
Publicat: 2009
Matèries:
Format: MixedMaterials Capítol de llibre
KOHA link:https://koha.lib.tpu.ru/cgi-bin/koha/opac-detail.pl?biblionumber=196988

MARC

LEADER 00000naa2a2200000 4500
001 196988
005 20240213142954.0
035 |a (RuTPU)RU\TPU\book\214883 
090 |a 196988 
100 |a 20110602d2009 k y0rusy50 ca 
101 0 |a rus 
102 |a RU 
200 1 |a Нанесение медного покрытия на алюминиевые контактные поверхности с помощью коаксиального магнитоплазменного ускорителя и исследование переходного сопротивления  |f Н. А. Касмолиев  |g науч. рук. А. А. Сивков ; А. С. Сайгаш 
463 0 |0 (RuTPU)RU\TPU\book\208678  |t Электромеханические преобразователи энергии  |o материалы IV Международной научно-технической конференции, 13-16 октября 2009 г., Томск  |f Российский фонд фундаментальных исследований (РФФИ) ; Томская область, Администрация ; Томский политехнический университет   |v С. 526  |d 2009  |p 556 с. 
610 1 |a покрытия 
610 1 |a медь 
610 1 |a нанесение 
610 1 |a магнитоплазменные ускорители 
610 1 |a труды учёных ТПУ 
700 1 |a Касмолиев  |b Н. А. 
702 1 |a Сивков  |b А. А.  |c специалист в области электроэнергетики  |c профессор Томского политехнического университета, доктор технических наук  |f 1951-  |g Александр Анатольевич  |3 (RuTPU)RU\TPU\pers\26846  |4 727  |9 12465 
702 1 |a Сайгаш  |b А. С.  |c специалист в области электроэнергетики  |c доцент Томского политехнического университета, кандидат технических наук  |f 1981-  |g Анастасия Сергеевна  |3 (RuTPU)RU\TPU\pers\27720  |4 727  |9 12794 
801 1 |a RU  |b 63413507  |c 20110602 
801 2 |a RU  |b 63413507  |c 20140428  |g RCR 
942 |c BK